000 01410 a2200169 4500
003 Nust
005 20170207153349.0
040 _cNust
082 _a 539
100 _aRichards, James A.
245 _aModern university physics,
_cRichards, James A. (James Austin), 1916-
260 _aReading, Mass.,
_b Addison-Wesley Pub. Co.
_c[1960]
300 _a993 p. illus. 24 cm.
_b illus. 24 cm.
505 _a1.composition and resolution of vectors(page 1)2.Equilibrium(page 19)3.Equalibrium moment of a force(page 38)4.Rectilinear motion(page 54)5.Newton,s second law Gravitation(page 81)6.Motion in a plane (page 107)7.Work and energy(page 128)8.Impulse and momentum(page 159)9.Rotation(page 179)10.Elaciticity(page 210)11.Harmonic motion(page 223)12.Wave motion(page 239)13.Vibrating bodies(page 262)14.Hydrostatics(page 275)15.Temperature Expansion(page 289)16.Work and heat(page 307)17.The laws of thermodynamics(page 331)18.The ideal gas and the atomic view of matter(page 353)19.Coloumb,s law(page 381)20.The electric field(page 391)21.Potential (page 418)22.Current and resistance(page 438)23.Direct current circuits(page 455)24.The magnetic field(page 477)25.Magnetic forces on current conductors(page 502)polirization(page 695)43.Nuclear reaction and artificial radioactivity(page 887)45.Cosmic rays and the fundamental particles(page 952)
538 _aAlmirah No.17 Shelf No.3
650 _aModern physics,
942 _2ddc
_cBK
999 _c184474
_d184474